Drapeaux de pays ne contenant pas de rouge - Statistiques

Statistiques générales
  • Ce quiz a été pris 142 fois
  • Le résultat moyen est 37 sur 45
Statistiques - réponses
Par images Réponse % Correct
Brésil
100%
Finlande
100%
Grèce
100%
Irlande
100%
Suède
100%
Inde
99%
Israël
99%
Argentine
98%
Chypre
98%
Uruguay
98%
Arabie Saoudite
97%
Jamaïque
96%
Pakistan
96%
Estonie
94%
Ukraine
94%
Côte d'Ivoire
93%
Niger
92%
Qatar
92%
Kosovo
90%
Bhoutan
89%
Bosnie-Herzégovine
88%
Nigéria
88%
Saint-Marin
86%
Kazakhstan
83%
Lettonie
83%
Honduras
82%
Somalie
82%
Barbade
79%
Nicaragua
78%
Palaos
78%
Guatemala
73%
Tanzanie
73%
Sainte-Lucie
72%
Micronésie
69%
Gabon
68%
Lesotho
66%
Salvador
66%
Bahamas
65%
Botswana
65%
Saint-Vincent-et-les- Grenadines
62%
Îles Marshall
59%
Nauru
59%
Sierra Leone
57%
Rwanda
55%
Salomon
51%
Aucun quiz correspondant
Distribution des résultats
% des personnes avec chaque résultat
Percentile par nombre de réponses
Votre historique - résultats
Vous n’avez pas pris ce quiz